000 01368nam a2200349Ia 4500
001 ebr10135680
003 CaPaEBR
006 m u
007 cr cn|||||||||
008 030324s2003 nyua sb 001 0 eng d
010 _z 2003048605
015 _aGBA3-U5646
020 _z1403980306
020 _z1403963061 (alk. paper)
040 _aCaPaEBR
_cCaPaEBR
035 _a(OCoLC)560469045
050 1 4 _aJL2481
_b.N94 2003eb
100 1 _aNylen, William R.
245 1 0 _aParticipatory democracy versus elitist democracy
_h[electronic resource] :
_blessons from Brazil /
_cby William R. Nylen.
246 3 _aParticipatory democracy versus elitist democracy
250 _a1st ed.
260 _aNew York :
_bPalgrave Macmillan,
_c2003.
300 _axvii, 247 p. :
_bill.
504 _aIncludes bibliographical references (p. [217]-238) and index.
533 _aElectronic reproduction.
_bPalo Alto, Calif. :
_cebrary,
_d2009.
_nAvailable via World Wide Web.
_nAccess may be limited to ebrary affiliated libraries.
650 0 _aDemocracy
_zBrazil.
650 0 _aPolitical participation
_zBrazil.
650 0 _aElite (Social sciences)
_zBrazil.
655 7 _aElectronic books.
_2local
710 2 _aebrary, Inc.
856 4 0 _uhttp://site.ebrary.com/lib/rucke/Doc?id=10135680
_zAn electronic book accessible through the World Wide Web; click to view
999 _c86977
_d86977